[Event "Stuttgart-chB int"]
[Site "Ditzingen"]
[Date "2013.05.12"]
[Round "7"]
[White "Tsybulevsky, Juri"]
[Black "Eylandt, Guenter"]
[Result "0-1"]
[WhiteElo "1676"]
[BlackElo "1504"]
[PlyCount "104"]
[EventDate "2013.05.09"]
[EventType "swiss"]
[EventRounds "7"]
[EventCountry "GER"]
[SourceTitle "EXT 2014"]
[Source "ChessBase"]
[SourceDate "2013.11.20"]
[SourceVersion "1"]
[SourceVersionDate "2013.11.20"]
[SourceQuality "1"]

1. d4 d5 2. e3 Nf6 3. c4 c6 4. Nc3 e6 5. Nf3 Bd6 6. Bd3 Nbd7 7. 0-0 a6 8. Re1 b5 9. c5 Be7 10. a3 Qc7 11. e4 dxe4 12. Nxe4 h6 13. g3 Nd5 14. Nc3 N7f6 15. Be3 Bd7 16. Ne5 Rd8 17. Bd2 Bc8 18. Qf3 Rf8 19. Rac1 Qb7 20. Na2 Nd7 21. Ng4 N7f6 22. Ne5 Nd7 23. Ng4 N7f6 24. Ba5 Nxg4 25. Qxg4 Nf6 26. Qf4 Nd5 27. Qf3 Rd7 28. Bc3 Bf6 29. Be4 Qa8 30. Rcd1 a5 31. Qg2 Bb7 32. f4 Kd8 33. f5 exf5 34. Bxf5 Re7 35. Rxe7 Nxe7 36. Be4 Kc7 37. Qf3 Rd8 38. Qf4+ Kc8 39. Bf3 Kd7 40. Bg4+ Ke8 41. Qc7 Nd5 42. Qxa5 Kf8 43. Qxa8 Bxa8 44. Nb4 Ne3 45. Rd3 Nxg4 46. Kg2 h5 47. h3 Nh6 48. Kf3 Nf5 49. Nc2 Ne7 50. h4 Bb7 51. Nb4 Bc8 52. Ke4 Bf5+ 0-1

[Event "Stuttgart-chB int"]
[Site "Ditzingen"]
[Date "2013.05.09"]
[Round "2"]
[White "Michna, Marcus"]
[Black "Eylandt, Guenter"]
[Result "0-1"]
[WhiteElo "1789"]
[BlackElo "1504"]
[PlyCount "115"]
[EventDate "2013.05.09"]
[EventType "swiss"]
[EventRounds "7"]
[EventCountry "GER"]
[SourceTitle "EXT 2014"]
[Source "ChessBase"]
[SourceDate "2013.11.20"]
[SourceVersion "1"]
[SourceVersionDate "2013.11.20"]
[SourceQuality "1"]

1. d4 Nf6 2. c4 e6 3. Nc3 d6 4. Nf3 Be7 5. Bg5 Nbd7 6. e3 a6 7. Bd3 b6 8. h3 Bb7 9. 0-0 c6 10. Re1 Qc7 11. e4 e5 12. d5 c5 13. Qd2 Bc8 14. Be3 Nf8 15. Kh2 h6 16. Kg1 N8h7 17. Ne2 g5 18. g4 h5 19. Nxg5 hxg4 20. f4 gxh3 21. Nf3 Rg8+ 22. Kh1 Ng4 23. f5 Nhf6 24. Rg1 Qd8 25. Rg3 Rh8 26. Ng5 h2 27. Rh3 Nh5 28. Nf3 Kd7 29. Nxh2 Nxe3 30. Qxe3 Bg5 31. Qf3 Nf4 32. Rxh8 Qxh8 33. Rg1 f6 34. Nxf4 exf4 35. Rg2 Bb7 36. Kg1 Qh4 37. Qf2 Qh8 38. Nf3 Rg8 39. Kf1 Qh3 40. Ke2 Rg7 41. Qg1 Qh5 42. Qh2 Qf7 43. Qg1 Qg8 44. Qh1 Bc8 45. Rh2 Qf7 46. Kd2 Kc7 47. Rh8 Qe7 48. Qh5 Bd7 49. Kc2 b5 50. b3 bxc4 51. bxc4 Ba4+ 52. Kc1 Kb7 53. Qh2 Ka7 54. Qb2 Qb7 55. Qxb7+ Kxb7 56. Rh2 Ka7 57. Bc2 Be8 58. Rh8 0-1